000 00287nam a2200109Ia 4500
008 210430s9999 xx 000 0 und d
082 _a668.9 F8971 P
100 _aJoel R. Fried
_923721
245 _aPolymer Science and Technology /
_cJoel R. Fried
300 _a505
942 _cBK
_2ddc
999 _c563625
_d563625